Sports Quiz

Random Sports or Football Quiz

NFL Starting QBs (Baltimore Ravens) Quiz Stats

 Plays Quiz Updated Jan 4, 2021

Support Sporcle.
Go Orange.
Score 0/18 Timer 04:00
0 Plays Today
Starts Player % Correct
163Joe Flacco
98.7%
37Lamar Jackson
91.6%
8Trent Dilfer
75.4%
22Steve McNair
65.6%
42Kyle Boller
60.8%
2Robert Griffin III
60.1%
2Troy Smith
47.5%
14Elvis Grbac
38.4%
18Tony Banks
35.6%
Starts Player % Correct
2Ryan Mallett
31.2%
2Matt Schaub
29.7%
2Jimmy Clausen
21.8%
6Chris Redman
20.1%
14Anthony Wright
18.9%
2Randall Cunningham
17.2%
10Jeff Blake
14.8%
4Stoney Case
10.4%
2Scott Mitchell
8.9%

You're not logged in!

Compare scores with friends on all Sporcle quizzes.
OR
Log In
Forgot?

From the Vault

Famous Fives: 21st Century Movies (Actors)

by manonthemoon

Movies 10m
Cheers to you, Leo. You may only have one Oscar, but you've certainly made your rounds through a lot of Sporcle quizzes.
Remove Ads.
Support Sporcle.
Get the best of Sporcle when you Go Orange. This ad-free experience offers more features, more stats, and more fun while also helping to support Sporcle. Thank you for becoming a member.

Show Comments

Extras

Top Quizzes Today


Score Distribution

Your Account Isn't Verified!

In order to create a playlist on Sporcle, you need to verify the email address you used during registration. Go to your Sporcle Settings to finish the process.

Report this User

Report this user for behavior that violates our Community Guidelines.

Details: